000 00472nmm a2200169Ia 4500
008 251105s9999||||xx |||||||||||||||||und||
020 _a9788499676920
041 _aspa
100 _aGuerra, Luis
245 0 _aEl verdugo de la Gestapo
264 _a[Madrid, España] :
_bEdiciones Nowtilus,
_c2015
300 _a240 páginas
490 _aNovela histórica
650 _aSpanish narrative
856 _uhttps://public.digitaliapublishing.com/a/171959
942 _cCF
999 _c93153
_d93153